[Event "Liverpool Open"]
[Site "?"]
[Date "2007.09.05"]
[Round "5.1"]
[White "Haslinger, Stewart"]
[Black "David, Alberto"]
[Result "1/2-1/2"]
[WhiteElo "2468"]
[BlackElo "2529"]
[PlyCount "59"]
[EventDate "2007.09.06"]
[SourceDate "2007.09.06"]

1. e4 e5 2. Nf3 Nc6 3. d4 exd4 4. Nxd4 Bc5 5. Nxc6 Qf6 6. Qf3 bxc6 7. Nd2 Qxf3
8. Nxf3 Nf6 9. Bd3 d5 10. e5 Ne4 11. O-O O-O 12. c3 Re8 13. Bf4 Bb6 14. Nd4 g5
15. Bxe4 gxf4 16. Bf3 Bd7 17. Rfe1 Re7 18. Ne2 Rxe5 19. Nxf4 Rae8 20. Rxe5 Rxe5
21. Nd3 Re8 22. Kf1 Bf5 23. Rd1 a5 24. g4 Bg6 25. Nf4 Bc5 26. h4 Bd6 27. Nxg6
fxg6 28. c4 dxc4 29. Bxc6 Rb8 30. Bd5+ 1/2-1/2

[Event "Liverpool Open"]
[Site "?"]
[Date "2007.09.05"]
[Round "5.2"]
[White "Miezis, Normunds"]
[Black "Greet, Andrew"]
[Result "1-0"]
[WhiteElo "2524"]
[BlackElo "2441"]
[PlyCount "115"]
[EventDate "2007.09.06"]
[SourceDate "2007.09.06"]

1. c4 Nf6 2. Nc3 e5 3. g3 Bb4 4. Bg2 O-O 5. e4 Bxc3 6. dxc3 d6 7. Qe2 Nbd7 8.
Be3 b6 9. Nh3 Nc5 10. f3 a5 11. b3 Bd7 12. O-O Qc8 13. Nf2 Bc6 14. Rfe1 Qb7 15.
Rad1 Rae8 16. Qd2 Qa8 17. b4 Ne6 18. a3 Nd7 19. Qd3 g6 20. Bh3 Re7 21. Bh6 Ng7
22. Re3 f6 23. f4 exf4 24. gxf4 Rfe8 25. Rde1 Ne6 26. Rg3 Nd8 27. Bf5 Nf8 28.
Ng4 Rf7 29. Bxf8 Kxf8 30. Nh6 Rfe7 31. e5 Nf7 32. Nxf7 Rxf7 33. e6 Rg7 34. Qd4
Kg8 35. Bh3 axb4 36. cxb4 Qd8 37. f5 Qe7 38. Kf2 Kh8 39. Reg1 Reg8 40. Qf4 Be8
41. Qh6 gxf5 42. Bxf5 Rxg3 43. Rxg3 Rxg3 44. hxg3 Qg7 45. Qxg7+ Kxg7 46. Bc2 c5
47. b5 h6 48. a4 Kf8 49. Bf5 Ke7 50. Ke3 d5 51. cxd5 Kd6 52. Be4 Kc7 53. Bh7
Kd6 54. Bg8 Bg6 55. Bf7 Bc2 56. a5 Ba4 57. a6 Bb3 58. a7 1-0

[Event "Liverpool Open"]
[Site "?"]
[Date "2007.09.05"]
[Round "5.3"]
[White "Smerdon, David"]
[Black "Williams, Simon Kim"]
[Result "1/2-1/2"]
[WhiteElo "2461"]
[BlackElo "2480"]
[PlyCount "112"]
[EventDate "2007.09.06"]
[SourceDate "2007.09.06"]

1. e4 c5 2. c3 e6 3. d4 d5 4. exd5 exd5 5. Nf3 Nc6 6. Bb5 Bd6 7. dxc5 Bxc5 8.
O-O Nge7 9. Nbd2 O-O 10. Nb3 Bb6 11. Re1 Bg4 12. Be3 Bc7 13. Bc5 Re8 14. Nbd4
Bd6 15. Bxc6 bxc6 16. Nxc6 Nxc6 17. Rxe8+ Qxe8 18. Bxd6 Qe4 19. h3 Rd8 20. hxg4
Rxd6 21. g5 h6 22. Qd2 Ne5 23. Nxe5 Qxe5 24. Rd1 hxg5 25. Qe3 Qxe3 26. fxe3 Kf8
27. Rd4 Ke7 28. Ra4 a6 29. Rb4 Ke6 30. Kf2 f5 31. a4 Rc6 32. Ke2 Ke5 33. Rb7
Rc4 34. Rxg7 g4 35. a5 Rc5 36. b4 Rxc3 37. Re7+ Kd6 38. Ra7 Rc6 39. Kd3 Ke5 {
(=)} 40. Ra8 Kd6 41. Rd8+ Ke6 42. Re8+ Kd6 43. Rb8 Kc7 44. Rf8 Rc4 45. Rf7+ Kd6
46. Rxf5 Rxb4 47. Rf6+ Kc5 48. Rxa6 Rb2 49. g3 Rb3+ 50. Kd2 Rb2+ 51. Kc3 Rg2
52. Ra8 Rxg3 53. Rc8+ Kb5 54. Kd4 Kxa5 55. Re8 Kb6 56. Kxd5 Kc7 1/2-1/2

[Event "Liverpool Open"]
[Site "?"]
[Date "2007.09.05"]
[Round "5.4"]
[White "Shaw, John K"]
[Black "Fridman, Daniel"]
[Result "1/2-1/2"]
[WhiteElo "2446"]
[BlackElo "2628"]
[PlyCount "120"]
[EventDate "2007.09.06"]
[SourceDate "2007.09.06"]

1. e4 e5 2. Nf3 Nf6 3. Nc3 Nc6 4. g3 Bc5 5. Bg2 d6 6. d3 a6 7. h3 h6 8. O-O Be6
9. Be3 Qd7 10. Kh2 Bxe3 11. fxe3 O-O-O 12. Nh4 Ne7 13. Nf5 Bxf5 14. exf5 d5 15.
Qf3 Qd6 16. Rab1 h5 17. b4 Rdf8 18. Kg1 g6 19. e4 gxf5 20. Nxd5 Nfxd5 21. exd5
Rhg8 22. c4 e4 23. dxe4 Rxg3 24. Qxh5 fxe4 25. Rxf7 Rfg8 26. Rb2 Kb8 27. Kh1
Ng6 28. c5 Qe5 29. Qxe5 Nxe5 30. Rf5 Nd3 31. Re2 e3 32. Rf1 Nf2+ 33. Rfxf2 exf2
34. Rxf2 Rc3 35. Kh2 a5 36. bxa5 Rxc5 37. Rb2 Ka7 38. h4 Rc4 39. Kh3 Rh8 40.
Kg3 Rhxh4 41. d6 c6 42. d7 Rcg4+ 43. Kf2 Rd4 44. Rb4 Rd2+ 45. Ke3 Rxb4 46. Kxd2
Rd4+ 47. Kc3 Rxd7 48. Bf1 Rd1 49. Bc4 Rb1 50. Bd3 Rg1 51. Kb4 Rg5 52. Bc4 Kb8
53. a4 Rg4 54. Kc5 Ka7 55. Kb4 Rxc4+ 56. Kxc4 Ka6 57. Kb4 c5+ 58. Kc4 Kxa5 59.
Kxc5 Kxa4 60. Kb6 Kb4 1/2-1/2

[Event "Liverpool Open"]
[Site "?"]
[Date "2007.09.05"]
[Round "5.7"]
[White "Lalic, Bogdan"]
[Black "Ansell, Simon"]
[Result "1/2-1/2"]
[WhiteElo "2509"]
[BlackElo "2405"]
[PlyCount "45"]
[EventDate "2007.09.06"]
[SourceDate "2007.09.06"]

1. c4 e5 2. Nc3 Nf6 3. Nf3 Nc6 4. g3 Bb4 5. Bg2 O-O 6. O-O e4 7. Ng5 Bxc3 8.
bxc3 Re8 9. f3 exf3 10. Nxf3 d6 11. Rb1 Qe7 12. e3 Ne5 13. d3 Rb8 14. h3 Nxf3+
15. Qxf3 Nd7 16. e4 Ne5 17. Qe2 Be6 18. Kh2 f6 19. Bf4 c6 20. Qc2 Rbd8 21. Rbd1
b6 22. a4 Qd7 23. a5 1/2-1/2

[Event "Liverpool Open"]
[Site "?"]
[Date "2007.09.05"]
[Round "5.8"]
[White "Sebenik, Matej"]
[Black "Mikkelsen, Nikolaj"]
[Result "1-0"]
[WhiteElo "2465"]
[BlackElo "2203"]
[PlyCount "67"]
[EventDate "2007.09.06"]
[SourceDate "2007.09.06"]

1. Nf3 Nf6 2. c4 g6 3. d4 Bg7 4. g3 d5 5. cxd5 Nxd5 6. Bg2 Nb6 7. Nc3 Nc6 8. e3
e5 9. O-O Bg4 10. h3 Bxf3 11. Qxf3 exd4 12. exd4 O-O 13. Rd1 Nc4 14. Qd5 Nb6
15. Qf3 Nc4 16. Qd3 Nd6 17. Bxc6 bxc6 18. Bf4 Qd7 19. Kh2 Rfe8 20. Rac1 Nf5 21.
d5 Rab8 22. b3 Nd4 23. Qc4 cxd5 24. Rxd4 Bxd4 25. Qxd4 Rbd8 26. Bh6 f6 27. Qxf6
Qf7 28. Qxf7+ Kxf7 29. Nb5 Rd7 30. Be3 Re4 31. Kg2 a6 32. Nd4 Ke8 33. Rc6 Kd8
34. Ne6+ 1-0

[Event "Liverpool Open"]
[Site "?"]
[Date "2007.09.05"]
[Round "5.9"]
[White "Meijers, Viesturs"]
[Black "Glud, Jakob Vang"]
[Result "1/2-1/2"]
[WhiteElo "2483"]
[BlackElo "2435"]
[PlyCount "90"]
[EventDate "2007.09.06"]
[SourceDate "2007.09.06"]

1. e4 e5 2. Nf3 Nc6 3. Bb5 a6 4. Bxc6 dxc6 5. O-O f6 6. d4 Bg4 7. c3 Bd6 8. Be3
Ne7 9. Nbd2 O-O 10. Qb3+ Kh8 11. h3 Bh5 12. c4 exd4 13. Nxd4 Qd7 14. Rfe1 c5
15. Ne2 f5 16. f3 Rae8 17. Rad1 Nc6 18. Bf2 Bg6 19. Ng3 Nd4 20. Bxd4 cxd4 21.
Nxf5 Bxf5 22. exf5 Qxf5 23. Rxe8 Rxe8 24. Ne4 Be5 25. Qxb7 Qf4 26. Kf1 h6 27.
Qxa6 Qe3 28. Qa3 Qxa3 29. bxa3 Ra8 30. Rd3 Ra4 31. c5 Kg8 32. h4 Kf7 33. f4 Bf6
34. h5 Be7 35. Ke2 Ke6 36. g4 Rc4 37. g5 Kf5 38. gxh6 gxh6 39. Kf3 Bxc5 40.
Nxc5 Rxc5 41. Rxd4 Rc3+ 42. Kf2 Rxa3 43. Rc4 Rxa2+ 44. Kg3 Ra3+ 45. Kh4 Rf3
1/2-1/2

[Event "Liverpool Open"]
[Site "?"]
[Date "2007.09.05"]
[Round "5.10"]
[White "Ghaem Maghami, Ehsan"]
[Black "Storey, Charles"]
[Result "1-0"]
[WhiteElo "2610"]
[BlackElo "2218"]
[PlyCount "85"]
[EventDate "2007.09.06"]
[SourceDate "2007.09.06"]

1. c4 g6 2. d4 Bg7 3. Nc3 c5 4. d5 f5 5. Qc2 e5 6. e4 d6 7. Bd3 f4 8. a3 Nf6 9.
b4 Na6 10. Bd2 O-O 11. Nb5 b6 12. h4 h6 13. Nf3 Bg4 14. Bc3 Ne8 15. Be2 Nb8 16.
Bd2 a6 17. Nc3 Nf6 18. bxc5 Bxf3 19. gxf3 dxc5 20. Bf1 Ne8 21. Rb1 Nd6 22. Na4
Nd7 23. Bh3 Nxc4 24. Qxc4 b5 25. Qc2 bxa4 26. Qxa4 Rb8 27. Ke2 Nf6 28. Ba5 Qe7
29. Qc6 Kh7 30. Qe6 Qa7 31. Bb6 Qa8 32. Qc6 Rb7 33. Bc7 Rxc7 34. Qxc7 Nxd5 35.
exd5 Qxd5 36. Qd7 Qa2+ 37. Qd2 Qc4+ 38. Qd3 Qa2+ 39. Kf1 e4 40. Qxe4 Bd4 41.
Rb7+ Kh8 42. Qe2 Qxa3 43. Qe7 1-0

[Event "Liverpool Open"]
[Site "?"]
[Date "2007.09.05"]
[Round "5.11"]
[White "Wu Li"]
[Black "Hebden, Mark"]
[Result "0-1"]
[WhiteElo "2314"]
[BlackElo "2540"]
[PlyCount "78"]
[EventDate "2007.09.06"]
[SourceDate "2007.09.06"]

1. d4 Nf6 2. c4 g6 3. Nc3 Bg7 4. e4 d6 5. Nf3 O-O 6. Be2 e5 7. O-O Nc6 8. d5
Ne7 9. Bg5 Kh8 10. Ne1 c5 11. Nd3 Ne8 12. a3 b6 13. Rb1 f6 14. Be3 f5 15. f3
Ng8 16. b4 Nh6 17. Bf2 Nf6 18. Bh4 Qd7 19. Qd2 Nf7 20. Rfe1 Nh5 21. Bf1 Bh6 22.
Qb2 g5 23. Bf2 g4 24. fxg4 fxg4 25. Be3 Bxe3+ 26. Rxe3 Ba6 27. b5 Bc8 28. g3
Ng5 29. Bg2 Qg7 30. Rf1 Rxf1+ 31. Kxf1 Bd7 32. Re2 Nf3 33. Bxf3 gxf3 34. Rf2
Bh3+ 35. Ke1 Bg2 36. Rxg2 fxg2 37. Qxg2 Nf4 38. Qf3 Nxd3+ 39. Qxd3 Rf8 0-1

[Event "Liverpool Open"]
[Site "?"]
[Date "2007.09.05"]
[Round "5.12"]
[White "Lie, Kjetil A"]
[Black "Goodger, Martyn"]
[Result "1-0"]
[WhiteElo "2536"]
[BlackElo "2093"]
[PlyCount "53"]
[EventDate "2007.09.06"]
[SourceDate "2007.09.06"]

1. e4 e5 2. Bc4 Nf6 3. d3 Nc6 4. Nf3 Bc5 5. c3 a6 6. Nbd2 d6 7. Bb3 Ba7 8. Nf1
h6 9. h3 Be6 10. Bc2 d5 11. Qe2 dxe4 12. dxe4 Nh7 13. Be3 Qf6 14. O-O-O b5 15.
Bxa7 Nxa7 16. Ne3 c6 17. Rd6 Ng5 18. Nh2 Rd8 19. Nf5 Rxd6 20. Nxd6+ Ke7 21.
Nf5+ Bxf5 22. exf5 Re8 23. f4 Nh7 24. Qf2 Nc8 25. Ng4 Qd6 26. Rd1 Qc7 27. Qc5+
1-0

[Event "Liverpool Open"]
[Site "?"]
[Date "2007.09.05"]
[Round "5.13"]
[White "Weeks, Manuel William"]
[Black "Dgebuadze, Alexandre"]
[Result "1/2-1/2"]
[WhiteElo "2200"]
[BlackElo "2508"]
[PlyCount "52"]
[EventDate "2007.09.06"]
[SourceDate "2007.09.06"]

1. e4 e6 2. d4 d5 3. Nd2 Nf6 4. e5 Nfd7 5. Bd3 c5 6. c3 Nc6 7. Ne2 Qb6 8. Nf3
cxd4 9. cxd4 f6 10. exf6 Nxf6 11. O-O Bd6 12. Nc3 O-O 13. Be3 Bd7 14. a3 Be8
15. Ne5 Kh8 16. Nxc6 Bxc6 17. b4 Rac8 18. Rc1 Bd7 19. h3 Bb8 20. Ne2 Rxc1 21.
Qxc1 Rc8 22. Qd2 Bb5 23. Rc1 Rxc1+ 24. Nxc1 Kg8 25. Qc2 Qc6 26. Qxc6 Bxc6
1/2-1/2

[Event "Liverpool Open"]
[Site "?"]
[Date "2007.09.05"]
[Round "5.14"]
[White "Madan, Augustin"]
[Black "Brown, Martin"]
[Result "1-0"]
[WhiteElo "2425"]
[BlackElo "2038"]
[PlyCount "63"]
[EventDate "2007.09.06"]
[SourceDate "2007.09.06"]

1. e4 e6 2. Nf3 d5 3. Nc3 Nf6 4. e5 Nfd7 5. d4 c5 6. dxc5 Bxc5 7. Bd3 Nc6 8.
Bf4 Qb6 9. O-O Bd4 10. Qe2 a6 11. Nd1 Nb4 12. c3 Nxd3 13. Qxd3 Bc5 14. b4 Be7
15. a4 a5 16. b5 O-O 17. c4 dxc4 18. Qxc4 Qa7 19. Nc3 b6 20. Nd4 Nb8 21. Ne4
Bb7 22. Nd6 Bd5 23. Qc3 Bxd6 24. exd6 Qb7 25. Qg3 f6 26. Rac1 Rf7 27. Rc7 Rxc7
28. dxc7 e5 29. Rc1 Nd7 30. Nf5 g6 31. c8=Q+ Rxc8 32. Rxc8+ 1-0

[Event "Liverpool Open"]
[Site "?"]
[Date "2007.09.05"]
[Round "5.15"]
[White "Reppen, Ellisiv"]
[Black "McNab, Colin Anderson"]
[Result "0-1"]
[WhiteElo "1922"]
[BlackElo "2416"]
[PlyCount "54"]
[EventDate "2007.09.06"]
[SourceDate "2007.09.06"]

1. e4 c5 2. Nf3 e6 3. d4 cxd4 4. Nxd4 a6 5. Nc3 b5 6. Bd3 Qb6 7. Nb3 Qc7 8. O-O
Bb7 9. f4 Nf6 10. e5 b4 11. exf6 bxc3 12. bxc3 gxf6 13. Bb2 Bd6 14. Qg4 Nc6 15.
c4 Ne7 16. Bxf6 Rg8 17. Bg7 h5 18. Qg5 O-O-O 19. Bh7 Nf5 20. Bxf5 exf5 21. Nd4
Bf8 22. Nxf5 Bxg7 23. Nxg7 Qb6+ 24. c5 Qb2 25. c3 Qxc3 26. c6 Bxc6 27. Rac1
Qd4+ 0-1

[Event "Liverpool Open"]
[Site "?"]
[Date "2007.09.05"]
[Round "5.16"]
[White "Owen, Dennis"]
[Black "Ravi, Lanka"]
[Result "0-1"]
[WhiteElo "1784"]
[BlackElo "2404"]
[PlyCount "56"]
[EventDate "2007.09.06"]
[SourceDate "2007.09.06"]

1. e4 c6 2. d4 d5 3. e5 c5 4. c3 Nc6 5. Be3 cxd4 6. cxd4 Nh6 7. Bxh6 gxh6 8.
Ne2 Qb6 9. Qd2 Bf5 10. Nbc3 e6 11. Rc1 h5 12. f3 h4 13. g3 h5 14. f4 Bg4 15.
Kf2 Be7 16. Bg2 f6 17. Rhe1 fxe5 18. fxe5 hxg3+ 19. hxg3 h4 20. Qd3 O-O-O 21.
Qb5 Rdf8+ 22. Kg1 h3 23. Bf1 h2+ 24. Kh1 Qxb5 25. Nxb5 Rxf1+ 26. Rxf1 Bxe2 27.
Nxa7+ Kd7 28. Rf2 Nxd4 0-1

[Event "Liverpool Open"]
[Site "?"]
[Date "2007.09.05"]
[Round "5.17"]
[White "Yeo, Michael J"]
[Black "Quillan, Gary"]
[Result "0-1"]
[WhiteElo "2153"]
[BlackElo "2359"]
[PlyCount "146"]
[EventDate "2007.09.06"]
[SourceDate "2007.09.06"]

1. e4 e6 2. d4 d5 3. Nc3 Bb4 4. exd5 exd5 5. Bd3 Nc6 6. a3 Ba5 7. Be3 Nge7 8.
Qf3 Be6 9. Nge2 Qd7 10. O-O Bg4 11. Qf4 Ng6 12. Qg3 Nce7 13. Nf4 c6 14. Nxg6
hxg6 15. Rfe1 Be6 16. Bf4 Bb6 17. Qe3 O-O 18. Na4 Rfe8 19. Nxb6 axb6 20. c3 b5
21. Qd2 Bf5 22. Bxf5 Nxf5 23. Rxe8+ Rxe8 24. Re1 Rxe1+ 25. Qxe1 Qe7 26. Qxe7
Nxe7 27. Kf1 f6 28. Ke2 Kf7 29. Kd3 Ke6 30. b3 g5 31. Bc7 Nf5 32. g4 Nh4 33.
Bg3 Ng6 34. h3 Ne7 35. f3 Ng6 36. Ke2 Nf8 37. Kd3 Nd7 38. Bh2 Nf8 39. Bg3 Kd7
40. c4 bxc4+ 41. bxc4 dxc4+ 42. Kxc4 Ke6 43. a4 b6 44. Bc7 b5+ 45. axb5 cxb5+
46. Kc5 Kd7 47. Bd6 b4 48. Kd5 b3 49. Ba3 Ng6 50. Kc4 Nh4 51. Kxb3 Nxf3 52. Kc4
Ng1 53. Kd5 Nxh3 54. Ke4 g6 55. Bc1 Nf2+ 56. Kf3 Nd3 57. Ba3 Nf4 58. Bc1 Nd5
59. Ke4 Ke6 60. Kf3 Nc3 61. Bb2 Nd5 62. Bc1 Nc7 63. Ke4 f5+ 64. Kf3 f4 65. Ke4
Nd5 66. Ba3 Nf6+ 67. Kf3 Kd5 68. Bc5 Ne4 69. Bb6 Nd2+ 70. Ke2 Nc4 71. Bd8 Kxd4
72. Bxg5 Ke4 73. Kf2 Ne5 0-1

[Event "Liverpool Open"]
[Site "?"]
[Date "2007.09.05"]
[Round "5.18"]
[White "Vovk, Yuri"]
[Black "Reuben, Stewart"]
[Result "1-0"]
[WhiteElo "2557"]
[BlackElo "2144"]
[PlyCount "111"]
[EventDate "2007.09.06"]
[SourceDate "2007.09.06"]

1. e4 c5 2. Nf3 g6 3. d4 Bg7 4. d5 d6 5. Nc3 Nf6 6. Be2 O-O 7. O-O Bg4 8. h3
Bxf3 9. Bxf3 Na6 10. Bf4 Nc7 11. a4 a6 12. Be2 b5 13. axb5 axb5 14. Rxa8 Qxa8
15. Nxb5 Nxb5 16. Bxb5 Nxe4 17. Re1 e5 18. dxe6 fxe6 19. Qg4 e5 20. Bh2 Nxf2
21. Qe6+ Kh8 22. Qxd6 Qa5 23. Rf1 Qxb5 24. Rxf2 Re8 25. c3 e4 {(=)} 26. Bf4 c4
27. Be3 Qe5 28. Qc6 Qe6 29. Qxe6 Rxe6 30. Rf7 Rc6 31. Re7 Kg8 32. Rxe4 Kf7 33.
Kf2 Rf6+ 34. Ke2 Re6 35. Kf3 Rc6 36. g4 Bf6 37. Bd4 Be7 38. Be5 Ke6 39. Bf4+
Kd7 40. Rd4+ Ke8 41. Ke4 Rb6 42. Bc1 Rc6 43. Bf4 Rb6 44. Rxc4 Rxb2 45. Kd5 Rb5+
46. Kc6 Rb1 47. Re4 Kf7 48. c4 Rh1 49. Re3 Rf1 50. Bd6 Bg5 51. Re5 h6 52. Kd7
Rf3 53. c5 Bf6 54. Re4 Rxh3 55. c6 Rb3 56. c7 1-0

[Event "Liverpool Open"]
[Site "?"]
[Date "2007.09.05"]
[Round "5.19"]
[White "Ciuksyte, Dagne"]
[Black "Armstrong, Malcolm"]
[Result "1-0"]
[WhiteElo "2426"]
[BlackElo "2126"]
[PlyCount "87"]
[EventDate "2007.09.06"]
[SourceDate "2007.09.06"]

1. e4 c6 2. d4 d5 3. Nd2 dxe4 4. Nxe4 Bf5 5. Ng3 Bg6 6. Bc4 e6 7. h4 h6 8. N1e2
Bd6 9. Nf4 Bxf4 10. Bxf4 Nf6 11. Qe2 Nd5 12. Be5 O-O 13. O-O-O Nd7 14. Nh5 Nxe5
15. dxe5 Qa5 16. g4 b5 17. Bb3 Qb4 18. a3 Qe4 19. Qxe4 Bxe4 20. Rh3 Rfd8 21.
Rd4 Bg6 22. Bxd5 Rxd5 23. Rxd5 cxd5 24. Rc3 Bxh5 25. gxh5 Rb8 26. Rc7 a5 27. b3
f6 28. exf6 gxf6 29. Kd2 a4 30. b4 Kh8 31. Rf7 f5 32. Rf6 Rb6 33. Rxh6+ Kg7 34.
Rg6+ Kf7 35. Rg5 Rc6 36. h6 Rc4 37. h5 Rc8 38. f4 Rg8 39. Ke3 Rxg5 40. fxg5 e5
41. g6+ Kf6 42. h7 Kg7 43. h6+ Kh8 44. c3 1-0

[Event "Liverpool Open"]
[Site "?"]
[Date "2007.09.05"]
[Round "5.20"]
[White "Rudd, Jack"]
[Black "Almond, Richard"]
[Result "0-1"]
[WhiteElo "2370"]
[BlackElo "2101"]
[PlyCount "208"]
[EventDate "2007.09.06"]
[SourceDate "2007.09.06"]

1. e4 d5 2. exd5 Qxd5 3. Nf3 Bg4 4. Be2 Nc6 5. d4 O-O-O 6. c4 Qf5 7. Be3 Nf6 8.
O-O e5 9. d5 e4 10. Nd4 Nxd4 11. Bxd4 Bd6 12. Nc3 Bxe2 13. Qxe2 Rhe8 14. Nb5 a6
15. Nxd6+ Rxd6 16. Bc5 Rdd8 17. Rad1 h5 18. Bb4 h4 19. h3 g5 20. Qe3 Kb8 21. d6
c6 22. Bd2 Rg8 23. f3 Rxd6 24. Bc3 Rxd1 25. Rxd1 Re8 26. Qb6 Nd7 27. fxe4 Qc5+
28. Qxc5 Nxc5 29. e5 Ne4 30. Ba5 Rxe5 31. Bb6 Re8 32. Rd7 f6 33. Ba5 Kc8 34.
Rc7+ Kb8 35. Rf7 Kc8 36. b3 Kb8 37. Kf1 Kc8 38. Bb6 Kb8 39. Rg7 Kc8 40. Ke2
Nc5+ 41. Kf3 Nd7 42. Bd4 Kd8 43. Bc3 Re7 44. Rg8+ Re8 45. Rg7 Re7 46. Rg6 Re6
47. Rh6 Ke7 48. Rh8 Kd6 49. Ra8 Ne5+ 50. Kf2 Re7 51. Rd8+ Ke6 52. Bb4 Rd7 53.
Re8+ Kf5 54. Ke2 Nd3 55. Bc3 Nf4+ 56. Kf2 Nd3+ 57. Ke3 Nf4 58. Kf2 Nd3+ 59. Kg1
Ne5 60. c5 Rd5 61. b4 Rd7 62. Kf1 Nd3 63. Rf8 Ne5 64. Ke2 Rd5 65. Re8 Rd7 66.
a4 Kf4 67. Re6 Kf5 68. Re8 Kf4 69. Be1 Ke4 70. Rf8 Kf5 71. Bc3 Rd5 72. Bd2 Rd7
73. Be1 Rd5 74. g4+ hxg3 75. Bxg3 Rd7 76. h4 gxh4 77. Bxh4 Nf7 78. Ke3 Ng5 79.
Bg3 Re7+ 80. Kd3 Re4 81. b5 Rxa4 82. bxc6 bxc6 83. Bd6 Ne4 84. Re8 Nxd6 85.
cxd6 Ra5 86. Kc4 Rd5 87. Ra8 Rxd6 88. Rxa6 Ke4 89. Kc5 Re6 90. Ra4+ Ke5 91. Ra1
f5 92. Re1+ Kf6 93. Rf1 Kg5 94. Rg1+ Kf6 95. Rf1 Re2 96. Kxc6 Ke5 97. Kc5 f4
98. Kc4 Ke4 99. Rh1 Rc2+ 100. Kb3 Rc5 101. Rh8 f3 102. Rh4+ Ke3 103. Rh8 Re5
104. Kc3 f2 0-1

[Event "Liverpool Open"]
[Site "?"]
[Date "2007.09.05"]
[Round "5.21"]
[White "Carleton, John J"]
[Black "Peacock, Malcolm"]
[Result "1-0"]
[WhiteElo "2322"]
[BlackElo "2094"]
[PlyCount "107"]
[EventDate "2007.09.06"]
[SourceDate "2007.09.06"]

1. d4 Nf6 2. c4 c5 3. d5 e5 4. Nc3 d6 5. e4 Nbd7 6. Be2 Be7 7. h4 a6 8. Be3 Rb8
9. a4 b6 10. g4 h6 11. g5 hxg5 12. Bxg5 g6 13. h5 Nxh5 14. Bxe7 Kxe7 15. Bxh5
Rxh5 16. Rxh5 gxh5 17. Qxh5 Nf6 18. Qh4 Bd7 19. f4 Qh8 20. Qxh8 Rxh8 21. fxe5
dxe5 22. O-O-O Ne8 23. d6+ Ke6 24. Nf3 f6 25. a5 bxa5 26. Nd5 Ba4 27. Rf1 Nxd6
28. Nd2 Rf8 29. Nc7+ Kf7 30. Nd5 Ke6 31. Nc7+ Kf7 32. Nd5 Kg6 33. b3 Bd7 34.
Nf3 Rf7 35. Rg1+ Kh5 36. Nd2 Bg4 37. Ne3 Be6 38. Kb2 Rd7 39. Kc3 f5 40. exf5
Nxf5 41. Ng4 Rg7 42. Nf6+ Kh6 43. Rh1+ Kg6 44. Nfe4 Rc7 45. Ra1 Nd4 46. Rxa5
Ne2+ 47. Kb2 Rc6 48. Nxc5 Bc8 49. Nd3 Rd6 50. Nxe5+ Kf6 51. Ne4+ Ke6 52. Nxd6
Kxd6 53. Rd5+ Kc7 54. Rd2 1-0

[Event "Liverpool Open"]
[Site "?"]
[Date "2007.09.05"]
[Round "5.23"]
[White "Kennaugh, Charles"]
[Black "Hawkins, Nick"]
[Result "1-0"]
[WhiteElo "2294"]
[BlackElo "2016"]
[PlyCount "73"]
[EventDate "2007.09.06"]
[SourceDate "2007.09.06"]

1. e4 e5 2. f4 d5 3. exd5 exf4 4. Nf3 Nf6 5. Bb5+ c6 6. dxc6 Nxc6 7. d4 Qa5+ 8.
Nc3 Bb4 9. Qe2+ Be6 10. O-O Bxc3 11. bxc3 Qxc3 12. Bd2 Qa3 13. Ng5 O-O 14. Nxe6
Rfe8 15. Rf3 Qd6 16. Bxf4 Qxe6 17. Qd3 Qe4 18. c3 Nd5 19. Bd2 Nb6 20. Qf1 Qd5
21. Rf5 Qe6 22. Qf3 Rad8 23. Rf1 f6 24. Qg3 Kh8 25. Bd3 Rd5 26. R5f2 Qf7 27.
Bc2 Na5 28. Qd3 Qg8 29. Rf4 Rh5 30. g4 Rd5 31. R4f3 Re7 32. Rh3 f5 33. Rxf5
Rxf5 34. Qxf5 g6 35. Qxa5 Qe8 36. Bd3 Nd7 37. Qg5 1-0

[Event "Liverpool Open"]
[Site "?"]
[Date "2007.09.05"]
[Round "5.24"]
[White "Minnican, Alan"]
[Black "Littlewood, John Eric"]
[Result "1/2-1/2"]
[WhiteElo "2110"]
[BlackElo "2230"]
[PlyCount "37"]
[EventDate "2007.09.06"]
[SourceDate "2007.09.06"]

1. Nc3 g6 2. e4 Bg7 3. d4 d6 4. h3 a6 5. Nf3 b5 6. Be3 b4 7. Nb1 Nf6 8. Bd3 Bb7
9. Nbd2 O-O 10. a3 bxa3 11. Rxa3 Nbd7 12. O-O c5 13. d5 Ne8 14. Nc4 a5 15. Qd2
a4 16. Bh6 e6 17. Bxg7 Kxg7 18. Ne3 Nef6 19. c4 1/2-1/2

[Event "Liverpool Open"]
[Site "?"]
[Date "2007.09.05"]
[Round "5.25"]
[White "James, David"]
[Black "Wilson, Alexandra"]
[Result "1/2-1/2"]
[WhiteElo "2220"]
[BlackElo "2066"]
[PlyCount "120"]
[EventDate "2007.09.06"]
[SourceDate "2007.09.06"]

1. Nf3 Nf6 2. c4 g6 3. Nc3 d5 4. Qa4+ c6 5. cxd5 Nxd5 6. Nxd5 Qxd5 7. e4 Qd8 8.
d4 Bg7 9. Be2 O-O 10. O-O Nd7 11. Be3 Nf6 12. e5 Nd5 13. Bd2 Bd7 14. Qa3 e6 15.
b4 Qe7 16. Qb3 Rfc8 17. Rab1 b6 18. Rfc1 Rab8 19. Rb2 Bf8 20. Ng5 f5 21. exf6
Qxf6 22. Nf3 Bd6 23. Re1 Rf8 24. Bf1 c5 25. Bh6 Rf7 26. bxc5 Bc7 27. Ne5 Bxe5
28. Rxe5 Qh4 29. Be3 Rbf8 30. c6 Bxc6 31. Rxe6 Bb7 32. Re5 Nxe3 33. Qxe3 Kh8
34. Re8 Qf6 35. Rxf8+ Rxf8 36. Rc2 Rf7 37. Re2 Kg7 38. Re1 Rd7 39. Rd1 Rd5 40.
f3 b5 41. Be2 a6 42. Rd2 Rd7 43. Bd1 Re7 44. Qf2 Bd5 45. Bb3 Bxb3 46. axb3 Qc6
47. g3 Qc3 48. d5 Qxb3 49. d6 Rd7 50. Qd4+ Kg8 51. Qe5 Qb1+ 52. Kg2 Qf5 53.
Qe8+ Kg7 54. g4 Qf7 55. Qe5+ Qf6 56. Qc5 Qf4 57. Rd4 Qe3 58. Qd5 Qe2+ 59. Kg3
Qe1+ 60. Kg2 Qe2+ 1/2-1/2

[Event "Liverpool Open"]
[Site "?"]
[Date "2007.09.05"]
[Round "5.26"]
[White "Jowett, Peter"]
[Black "McBride, John"]
[Result "1-0"]
[WhiteElo "2196"]
[BlackElo "1776"]
[PlyCount "49"]
[EventDate "2007.09.06"]
[SourceDate "2007.09.06"]

1. e4 e6 2. d4 d5 3. Nd2 dxe4 4. Nxe4 Nf6 5. Nxf6+ Qxf6 6. Nf3 h6 7. Be3 Bd6 8.
Qd2 Nd7 9. O-O-O c6 10. c4 O-O 11. Be2 c5 12. g4 Qe7 13. h4 f5 14. gxf5 Rxf5
15. h5 Rf6 16. Nh4 Nf8 17. Rdg1 Kh8 18. Ng6+ Nxg6 19. hxg6 Kg8 20. Kd1 cxd4 21.
Bxh6 gxh6 22. Qxh6 Qg7 23. Qxg7+ Kxg7 24. Rh7+ Kg8 25. g7 1-0

[Event "Liverpool Open"]
[Site "?"]
[Date "2007.09.05"]
[Round "5.27"]
[White "MacDonald, Paul"]
[Black "Atako, Chino"]
[Result "0-1"]
[WhiteElo "1768"]
[BlackElo "2181"]
[PlyCount "66"]
[EventDate "2007.09.06"]
[SourceDate "2007.09.06"]

1. d4 f5 2. Nf3 Nf6 3. Bg5 g6 4. Bxf6 exf6 5. Nbd2 Be7 6. e3 O-O 7. Bd3 Nc6 8.
c3 d5 9. Qc2 Be6 10. O-O-O a6 11. h3 Kg7 12. Rdg1 b5 13. g4 fxg4 14. hxg4 b4
15. Nb1 bxc3 16. Nxc3 Nb4 17. Qe2 Nxd3+ 18. Qxd3 Qd7 19. g5 Bf5 20. gxf6+ Bxf6
21. Qf1 c5 22. Qg2 cxd4 23. Nxd4 Bxd4 24. exd4 Rac8 25. Qh2 Kg8 26. Re1 Rf7 27.
Re5 Qa4 28. f4 Rxc3+ 29. bxc3 Rb7 30. Re2 Rb1+ 31. Kd2 Qc2+ 32. Ke3 Qe4+ 33.
Kd2 Qd3# 0-1

[Event "Liverpool Open"]
[Site "?"]
[Date "2007.09.05"]
[Round "5.28"]
[White "Ak Hriawan, Omar"]
[Black "Frith, Robert"]
[Result "1-0"]
[WhiteElo "2344"]
[BlackElo "1696"]
[PlyCount "161"]
[EventDate "2007.09.06"]
[SourceDate "2007.09.06"]

1. e4 c5 2. Nf3 Nc6 3. d4 cxd4 4. Nxd4 Qb6 5. Nb3 Nf6 6. Nc3 e6 7. a3 Be7 8.
Be2 O-O 9. O-O d6 10. Be3 Qc7 11. f4 a6 12. Bf3 Rb8 13. Qe1 Rd8 14. Rd1 b5 15.
Qf2 Nd7 16. Rd2 Nb6 17. Bxb6 Qxb6 18. Qxb6 Rxb6 19. Rfd1 Rb8 20. g3 Bb7 21. Kg2
Rbc8 22. h4 Ba8 23. Ne2 g6 24. c3 Kg7 25. Nbd4 Nxd4 26. Nxd4 d5 27. exd5 Bxd5
28. Bxd5 Rxd5 29. Nc2 Rxd2+ 30. Rxd2 Rd8 31. Rxd8 Bxd8 32. Nb4 a5 33. Nc6 Bb6
34. Kf3 h5 35. Ke4 Bf2 36. Kf3 Bb6 37. Nd4 b4 38. axb4 axb4 39. Nb3 bxc3 40.
bxc3 Bc7 41. Ke4 f5+ 42. Kf3 Kf7 43. Nd4 Bb6 44. Nc6 Kf6 45. c4 Bg1 46. Na5 Bd4
47. Nc6 Bc5 48. Ke2 Bg1 49. Ne5 Bd4 50. Nd3 Ke7 51. Ne5 Kf6 52. Nc6 Bc5 53. Ke1
Bd6 54. Kf2 Bc5+ 55. Ke2 Bg1 56. Nb4 e5 57. Nd5+ Ke6 58. fxe5 Kxe5 59. Kf3 Bc5
60. Nf4 Kf6 61. Nd3 Be7 62. c5 g5 63. c6 Ke6 64. hxg5 Bxg5 65. Nc5+ Kd6 66. c7
Kxc7 67. Ne6+ Kd6 68. Nxg5 Ke5 69. Nh7 h4 70. gxh4 f4 71. Ng5 Kf6 72. Kxf4 Kg6
73. Kg4 Kh6 74. h5 Kg7 75. Nf3 Kh6 76. Nh4 Kh7 77. Nf5 Kh8 78. Kg5 Kh7 79. Kf6
Kh8 80. Kg6 Kg8 81. Nh6+ 1-0